000 002990000a22001450004500
003 MACL
040 _aMACL
090 _c3574
_d3574
100 _aRamaswami, N.S.
245 _aTemple of South India
260 _bMaps And Agencies
_c1993
350 _a225
650 _aReligion
942 _cBOOK
_k294
999 _c3552
_d3552